000 00511nam a2200181Ia 4500
008 151018s9999 xx 000 0 und d
082 _bRBASDV63839
_a891.433
100 _aदिनेश पाठक
245 _aआदमखोर
250 _b1
260 _bसंजीव प्रकाशन
_c2011
300 _a112
600 _aदिनेश पाठक
630 _aआदमखोर
700 _aदिनेश पाठक
730 _aआदमखोर
942 _cBOOK
999 _c1056180
_d1056177